banner-ar

الفلسطنيون العرب فى مصر العربية : بحوث دراسات / (Record no. 55650)

MARC details
000 -الفاتح
حقل البيانات ثابتة الطول 00811nam a2200217Ia 4500
008 - عناصر البيانات ثابتة الطول - معلومات عامة
حقل البيانات ثابتة الطول 140319s9999 xx 000 0 ara d
040 ## - مصدر الفهرسة
وكالة الفهرسة الأصلية GCL /
وكالة النسخ GCL
082 04 - رقم تصنيف ديوى العشرى
رقم التصنيف 323.1
رقم المادة م ف
100 1# - المدخل الرئيسى - إسم شخصى
الإسم الشخصى منظمة التحرير الفلسطنية
245 10 - بيان العنوان
العنوان الفلسطنيون العرب فى مصر العربية : بحوث دراسات /
بيان المسئوليه,etc منظمة التحرير الفلسطنية
700 1# - المدخل الاضافى - اسم شخصى
الإسم الشخصى المجلس الاعلى للتربية والثقافة
260 ## - PUBLICATION, DISTRIBUTION, ETC. (IMPRINT)
تاريخ النشر أو التوزيع 1986
300 ## - الوصف المادى
التعداد 161 ص
490 ## - بيان السلسلة
عنوان السلسلة الدراسات والاوراق الفلسطنية العربية
رقم المجلد/ التعيين التسلسلي 0
650 04 - المدخل الاضافى بالموضوع-مصطلح موضوعى
مصطلح موضوعي مصر
650 04 - المدخل الاضافى بالموضوع-مصطلح موضوعى
مصطلح موضوعي الاحوال الاجتماعية
650 04 - المدخل الاضافى بالموضوع-مصطلح موضوعى
مصطلح موضوعي فلسطين
650 04 - المدخل الاضافى بالموضوع-مصطلح موضوعى
مصطلح موضوعي تاريخ حديث
942 ## - عناصر المدخل الإضافي( كوها)
مصدر التصنيف او مخطط الترفيف Dewey Decimal Classification
Koha [default] item type كتاب
260 ## - PUBLICATION, DISTRIBUTION, ETC. (IMPRINT)
-- [S.N] :
-- دار المستقبل العربى ،
Holdings
حالة التراجع حالة الفقد حالة تلف ليس للاعارة المكان المؤقت الموقع الحالى تاريخ الاكتساب اجمالي اﻻعارات رقم الطلب الباركود تاريخ اخر مشاهدة تاريخ تفعيل السعر نوع وعاء كوها
        مكتبة القاهرة الكبرى مكتبة القاهرة الكبرى 03/26/2014   323.1\م ف 133648 03/26/2014 03/26/2014 كتاب

Powered By

EGPV